000 01069cab a2200289 4500
001 ABS51961
008 090401t1994 xxu||||| |||| 00| 0 eng d
035 _a(Sirsi) u52943
041 _aeng
245 _aGas safety - don`t be complacent - you could be liable
260 _c1994
350 _a0
490 _aEstate Agent
_vDecember 1994, 23(1)
520 _aThe Gas Safety (Installation and Use) Regulations 1994 require landlords and managing agents to check gas appliances regularly. "Safety installation and use of gas systems and appliances" an Approved Code of Practice has been published HSC £5.95.
650 _aAPPROVED CODE OF PRACTICE
650 _aGAS APPLIANCES
650 _aGAS SAFETY (INSTALLATION AND USE) REGULATIONS 1994
650 _aHSC
650 _aLIABLITY
650 _aMANAGING AGENTS
650 _aProperty management
_96262
650 _aRENTED ACCOMMODATION
650 _aSAFETY
690 _aPROPERTY-RESIDENTIAL PROPERTY-RESIDENTIAL LANDLORD AND TENANT-RESIDENTIAL TENANCIES
942 _n0
948 _c04/03/1997
999 _c32669
_d32669